Statistiken für Länder, die einen Buchstaben enthalten - G

Klicken Sie hier um das Quiz zu spielen!

Allgemein

  • Dieses Quiz wurde 535 mal gespielt
  • Das Durchschnittsergebnis liegt bei 34 aus 47

Antwortstatistiken

HinweisLand% Korrekt
1 x GGriechenland
92%
2 x GVereinigtes Königreich
89%
1 x GGuinea
88%
2 x GGeorgien
85%
1 x GGuatemala
84%
1 x GGuinea-Bissau
83%
1 x GGambia
82%
1 x GAlgerien
81%
1 x GArgentinien
81%
1 x GGhana
80%
1 x GÄgypten
79%
1 x GBelgien
78%
1 x GNorwegen
78%
1 x GDemokratische Republik Kongo
77%
1 x GRepublik Kongo
77%
1 x GVereinigte Staaten
76%
1 x GAfghanistan
75%
1 x GGabun
75%
1 x GPortugal
75%
1 x GUruguay
75%
1 x GBulgarien
74%
1 x GGrenada
74%
1 x GGuyana
74%
1 x GParaguay
73%
1 x GAngola
71%
1 x GÄquatorial-Guinea
71%
1 x GVereinigte Arabische Emirate
71%
1 x GNiger
70%
1 x GAntigua und Barbuda
69%
1 x GBangladesch
69%
1 x GMadagaskar
69%
1 x GNigeria
69%
1 x GPapua-Neuguinea
69%
1 x GUngarn
69%
1 x GMongolei
65%
1 x GUganda
62%
1 x GBosnien und Herzegowina
61%
1 x GSenegal
61%
1 x GTrinidad und Tobago
61%
1 x GTogo
60%
1 x GSt. Vincent und die Grenadinen
59%
1 x GKirgisistan
58%
1 x GLuxemburg
58%
1 x GMontenegro
58%
1 x GNicaragua
56%
1 x GSingapur
55%
1 x GTonga
54%

Verteilung der Resultate

Perzentil nach korrekt beantworteten Fragen

Anzahl Personen mit jedem Resultat

Ihre Resultats-Entwicklung

Sie haben dieses Quiz noch nicht gespielt